000
003210000a22001330004500
005
20120302062932.0
942
_c
BOOK
100
_a
_a
_b
_c
245
_a
ARADHANA
260
_a
MUMBAI : CENTRALL CHINMAYA MISSION TRUST ,2001
300
_a
59 P.
040
_a
ENG
650
_a
SHANTIPATH / VEDIC ARATI / CODE OF CONDUCT
999
_c
358082
_d
358079